| 000 | 00933nam a2200229 a 4500 | ||
|---|---|---|---|
| 001 | 4380 | ||
| 003 | CDMR | ||
| 005 | 20131126163152.0 | ||
| 008 | 130130s2004||||||||||||||||||||||||||||d | ||
| 020 | _a9223155541 (versió impresa) | ||
| 020 | _a922315555X (versió PDF) | ||
| 040 |
_aCDMR _bcat _cCDMR |
||
| 245 | 3 |
_aEl futuro del trabajo y de la calidad en la sociedad de la información _b: el sector de los medios de comunicación, la cultura y las industrias gráficas |
|
| 260 |
_aGinebra _c2004 _bOficina Internacional del Trabajo |
||
| 300 |
_a125 p. _c30 cm |
||
| 650 | 0 | 4 |
_93156 _aSocietat de la informació |
| 650 | 0 | 4 |
_93792 _aMercat de treball |
| 650 | 0 | 4 |
_93178 _aMitjans de comunicació de massa _xAspectes econòmics |
| 650 | 0 | 4 |
_94171 _aIndústries culturals |
| 856 | 4 | 0 |
_uhttp://www.ilo.org/wcmsp5/groups/public/---dgreports/---dcomm/documents/meetingdocument/kd00064es.pdf _yDisponible en línia (PDF) |
| 942 |
_cMON _2udc |
||
| 999 |
_c4380 _d4380 |
||